000 01058nac a22003137a 4500
001 BR9901297
003 BR-BrBNA
005 20240105122153.0
008 230509b bl.|||m| |||| 00| 0 por d
040 _aBR-BrBNA
_bpor
_cBiblioteca Nacional de Agricultura
072 _aP33
090 _aP33 BR9901297
100 1 _aOleynik, J.
100 1 _aBragagnolo, N.
100 1 _aBublitz, U.
100 1 _aSilva, J.C.C. da
110 1 _aEmpresa Paranaense de Assistencia Tecnica e Extensao Rural, Curitiba, PR (Brasil)
245 1 _aAnalise de solo; tabelas para transformacao de resultados analiticos e interpretacao de resultados
250 1 _a5. ed.
260 3 _aCuritiba, PR (Brasil):
_c1998.
300 _a64 p.
490 _aInformacao Tecnica - Empresa Paranaense de Assistencia Tecnica e Extensao Rural (Brazil)
_vno. 31
_x
650 _aAnalise do Solo
650 _aFisica do Solo
650 _aQuimica do Solo
650 _aDisponibilidade de Nutriente
909 _a202312
_bLúcia Elande
_c55
_dLúcia Elande
942 _2AGRIS
_n0
_cMS
999 _c289599
_d289599